| 000 | 00534nam a2200169Ia 4500 | ||
|---|---|---|---|
| 008 | 090201s9999 xx 000 0 und d | ||
| 010 | _aKPL-18268 | ||
| 040 | _bमराठी | ||
| 041 | _aमराठी | ||
| 082 |
_a6266 _b18268 |
||
| 100 | _aगो म कुलकर्णी | ||
| 245 |
_aसाद पडसाद _cगो म कुलकर्णी |
||
| 260 |
_c2004 _bपा़़ॅप्युलर प्रकाशन |
||
| 300 |
_a188 _bमोठा |
||
| 600 | _aसाद पडसाद | ||
| 942 | _cBOOK | ||
| 999 |
_c207096 _d207096 |
||